| 000 | 00694nam a2200229 i 4500 | ||
|---|---|---|---|
| 001 | 138457 | ||
| 003 | ES-MaACL | ||
| 005 | 20250828090942.0 | ||
| 007 | t| | ||
| 008 | 070214s1961 sp r ||||1| spa d | ||
| 100 | 1 |
_aSan Ilsa, María de. _9102238 |
|
| 245 | 1 | 0 |
_aJuventudes femeninas / _cMaría de San Ilsa y A. Gaámez. |
| 260 |
_aMadrid : _bSociedad de Educación Atenas, _c1961. |
||
| 300 |
_a399 p. ; _c23 cm. |
||
| 490 | 1 | _aApostolado femenino | |
| 650 | 4 |
_aApostolado seglar _99923 |
|
| 700 | 1 |
_aGaamez, A. _953112 |
|
| 710 | 2 |
_aSociedad de Educación Atenas _96665 |
|
| 830 | 1 |
_aApostolado femenino _9183999 |
|
| 852 |
_aES-MaACL _jC-21014 |
||
| 999 |
_c138457 _d138457 |
||